[Event "61st Southend Easter 2017"]
[Site "Southend ENG"]
[Date "2017.04.14"]
[Round "1.1"]
[White "Gareev,T"]
[Black "Staples,Maurice J"]
[Result "1-0"]
[WhiteElo "2609"]
[BlackElo "2006"]

1.d4 d5 2.Bg5 f6 3.Bf4 Nc6 4.Nf3 Bg4 5.Nbd2 Nxd4 6.Nxd4 e5 7.h3 Bd7 8.e4 exf4
9.exd5 Qe7+ 10.Be2 Qe5 11.c3 Qxd5 12.O-O O-O-O 13.Bf3 Qf7 14.N2b3 c5 15.Na5
cxd4 16.Nxb7 Re8 17.Qxd4 Kb8 18.Rfd1 Bc8 19.Na5 Qc7 20.Nc6+ Ka8 21.Nxa7+ {#r}
1-0

[Event "61st Southend Easter 2017"]
[Site "Southend ENG"]
[Date "2017.04.14"]
[Round "1.3"]
[White "Pert,R"]
[Black "Ahluwalia,Amardip"]
[Result "1-0"]
[WhiteElo "2414"]
[BlackElo "1993"]

1.d4 d5 2.c4 e6 3.Nf3 Nf6 4.Nc3 Be7 5.Bf4 O-O 6.e3 Nbd7 7.Be2 dxc4 8.Bxc4 a6
9.a4 c5 10.dxc5 Nxc5 11.Qe2 Bd7 12.O-O Nxa4 13.Nxa4 b5 14.Ne5 bxc4 15.Rfd1 h6
16.Nc6 Qe8 17.Nxe7+ Qxe7 18.Bd6 Qd8 19.Bxf8 Kxf8 20.Qxc4 a5 21.Qc5+ Qe7
22.Qxe7+ Kxe7 23.Nb6 Ra6 24.Nxd7 Nxd7 25.Rac1 Ra7 26.Rc6 Rb7 27.Ra6 Nb8
28.Rxa5 Rxb2 29.Ra7+ Kf6 30.f4 Rb6 31.Kf2 g5 32.Kg3 Rb3 33.fxg5+ Kxg5 34.Rxf7
Rxe3+ 35.Kf2 Re5 36.Rd6 Rf5+ 37.Rxf5+ Kxf5 38.Kg3 Kf6 39.Kg4 Ke7 40.Rd1 Nd7
41.Kh5 Nf6+ 42.Kxh6 Ng4+ 43.Kg5 Ne3 44.Rg1 {#r} 1-0

[Event "61st Southend Easter 2017"]
[Site "Southend ENG"]
[Date "2017.04.14"]
[Round "1.5"]
[White "Bates,Ri"]
[Black "Jamroz,K"]
[Result "1-0"]
[WhiteElo "2369"]
[BlackElo "1984"]

1.d4 Nf6 2.Nf3 e6 3.c4 c5 4.d5 exd5 5.cxd5 d6 6.e4 g6 7.h3 Bg7 8.Bd3 O-O 9.O-O
a6 10.a4 Re8 11.Nc3 Nbd7 12.Bg5 Qe7 13.Qd2 Qf8 14.Rfe1 Nh5 15.Nh2 Ne5 16.Be2
Nf6 17.Nf1 Rb8 18.Ng3 b6 19.Rab1 Bb7 20.Be3 Qe7 21.b4 Qc7 22.bxc5 bxc5 23.Bh6
Bh8 24.Bf1 Bc8 25.Rxb8 Qxb8 26.Rb1 Qa7 27.Qf4 c4 28.Nd1 Nfd7 29.Ne3 Nc5
30.Nxc4 Nxc4 31.Bxc4 Be5 32.Qe3 Qd7 33.Bf4 Bxf4 34.Qxf4 Qxa4 35.Bf1 Qd7 36.Rb6
Rd8 37.Qf6 Bb7 38.h4 Qc7 39.Rb1 Re8 40.h5 Qe7 41.Qc3 Qh4 42.Re1 Nxe4 43.h6
Qxh6 44.Nxe4 {#r} 1-0

[Event "61st Southend Easter 2017"]
[Site "Southend ENG"]
[Date "2017.04.14"]
[Round "1.9"]
[White "Ledger,D"]
[Black "Kirk,J"]
[Result "1-0"]
[WhiteElo "2207"]
[BlackElo "1960"]

1.e4 c5 2.Nf3 Nc6 3.d4 cxd4 4.Nxd4 e6 5.Nc3 a6 6.g3 g6 7.Be3 Bg7 8.Nxc6 bxc6
9.Bd4 e5 10.Bc5 Qf6 11.Qd6 Qxd6 12.Bxd6 f6 13.Na4 Bf8 14.Nb6 Bxd6 15.Nxa8 Bb4+
16.c3 Ba5 17.b4 Bd8 18.c4 Bb7 19.c5 Bxa8 20.Bxa6 Nh6 21.f3 Nf7 22.O-O-O Bc7
23.Bc4 Ng5 24.Rd3 Ke7 25.Rhd1 Rd8 26.Ra3 Bb7 27.Ra7 Rb8 28.Rd3 Ne6 29.Bxe6
Kxe6 30.a4 Ke7 31.b5 cxb5 32.axb5 {#r} 1-0

[Event "61st Southend Easter 2017"]
[Site "Southend ENG"]
[Date "2017.04.14"]
[Round "1.11"]
[White "Anderson,J"]
[Black "Spanton,T"]
[Result "1-0"]
[WhiteElo "2171"]
[BlackElo "1927"]

1.d4 d5 2.e4 dxe4 3.Nc3 e5 4.Nxe4 Nf6 5.Nxf6+ Qxf6 6.Nf3 e4 7.Ne5 Bd6 8.Nc4
Nc6 9.Be3 O-O 10.Nxd6 cxd6 11.Qd2 Bd7 12.Be2 Ne7 13.O-O Nf5 14.f3 Nxe3 15.Qxe3
exf3 16.Rxf3 Qe6 17.Bd3 Qxe3+ 18.Rxe3 Rfe8 19.Rae1 Rxe3 20.Rxe3 Re8 21.Kf2
Rxe3 22.Kxe3 Bc6 23.g3 g6 24.c4 Kg7 25.b4 Kf6 26.Bc2 h6 27.a4 b6 28.d5 Bd7
29.Kd4 Ke7 30.a5 bxa5 31.bxa5 f5 32.Bd3 g5 33.c5 h5 34.c6 Bc8 35.Be2 h4
36.gxh4 gxh4 37.Ke3 Kf6 38.Kf4 a6 39.Bh5 Kg7 40.Be8 Kf6 41.Bd7 Bxd7 42.cxd7
Ke7 43.Kxf5 Kxd7 {#r} 1-0

[Event "61st Southend Easter 2017"]
[Site "Southend ENG"]
[Date "2017.04.14"]
[Round "1.13"]
[White "Britton,R"]
[Black "Newell,D"]
[Result "1-0"]
[WhiteElo "2168"]
[BlackElo "1881"]

1.e4 c5 2.Nf3 Nc6 3.d3 g6 4.g3 Bg7 5.Bg2 e6 6.O-O Nge7 7.Re1 d6 8.c3 O-O 9.d4
cxd4 10.cxd4 d5 11.e5 f6 12.exf6 Bxf6 13.Bh6 Re8 14.Nc3 Nf5 15.Be3 Nxe3
16.Rxe3 Bd7 17.h4 Rc8 18.Rc1 a6 19.Ne2 Qb6 20.Rb3 Qa7 21.Rbc3 Bg7 22.Qd2 Rf8
23.a3 Rf6 24.Ne5 Rd8 25.f4 Nxe5 26.fxe5 Rff8 27.Kh2 Rc8 28.Rc7 Bc6 29.R1xc6
{#r} 1-0

[Event "61st Southend Easter 2017"]
[Site "Southend ENG"]
[Date "2017.04.14"]
[Round "1.15"]
[White "Golding,Alex"]
[Black "Millward,D"]
[Result "1-0"]
[WhiteElo "2160"]
[BlackElo "1870"]

1.e4 d5 2.exd5 Qxd5 3.Nc3 Qd6 4.d4 Nf6 5.Nf3 Bg4 6.Be2 c6 7.O-O e6 8.Bg5 Nbd7
9.Qd2 Qc7 10.Bf4 Bd6 11.Bxd6 Qxd6 12.Rad1 O-O 13.Rfe1 Nb6 14.Ne5 Bxe2 15.Qxe2
Nbd5 16.Ne4 Nxe4 17.Qxe4 Nf6 18.Qh4 Rad8 19.Rd3 Qb4 20.c3 Qxb2 21.Rg3 Qd2
22.Nf3 Qxc3 23.Qxf6 g6 24.h4 Rd5 25.Re5 Qa1+ 26.Kh2 Qxa2 27.h5 Rxe5 28.dxe5
{#r} 1-0

[Event "61st Southend Easter 2017"]
[Site "Southend ENG"]
[Date "2017.04.14"]
[Round "1.18"]
[White "Okhai,Shabir"]
[Black "Hare,R"]
[Result "1-0"]
[WhiteElo "2114"]
[BlackElo "1775"]

1.e4 c5 2.Nf3 d6 3.c3 Nc6 4.d4 cxd4 5.cxd4 e6 6.Nc3 a6 7.Bf4 Be7 8.d5 Nb8
9.dxe6 Bxe6 10.Qd2 Nf6 11.Rd1 O-O 12.Bxd6 Bxd6 13.Qxd6 Qxd6 14.Rxd6 Nc6 15.Nd4
Nxd4 16.Rxd4 Rad8 17.Rxd8 Rxd8 18.Be2 Rd4 19.f3 b5 20.a3 Nh5 21.Kf2 Nf4 22.Rd1
Rxd1 23.Nxd1 Nxe2 24.Kxe2 Kf8 25.Ke3 Ke7 26.Kd4 Kd6 27.Ne3 f6 28.f4 g6 29.b4
Bd7 30.Nd5 f5 31.e5+ Kc6 32.Nf6 Be6 33.Nxh7 Bd5 34.g3 Bf7 35.Nf8 Be8 36.Ne6
Bd7 37.Ng5 Be8 38.h3 Bd7 39.e6 Be8 40.Ke5 Kc7 41.Nf7 Kc6 42.Nd6 {#r} 1-0

[Event "61st Southend Easter 2017"]
[Site "Southend ENG"]
[Date "2017.04.14"]
[Round "2.2"]
[White "Hebden,M"]
[Black "Golding,Alex"]
[Result "1-0"]
[WhiteElo "2494"]
[BlackElo "2160"]

1.d4 Nf6 2.Bf4 c5 3.d5 Qb6 4.Nc3 d6 5.Qd2 g6 6.e4 Bg7 7.Bb5+ Bd7 8.a4 O-O
9.Nge2 Bxb5 10.axb5 Nbd7 11.O-O a6 12.bxa6 Rxa6 13.Rab1 Qb4 14.f3 b5 15.Bh6
Nb6 16.Bxg7 Kxg7 17.b3 Qa5 18.Ng3 b4 19.Nd1 c4 20.Qg5 e6 21.Ne3 Qc5 22.Kh1
cxb3 23.cxb3 Rc8 24.Ng4 Nxg4 25.fxg4 Kg8 26.Nh5 Ra7 27.Rbc1 Qa5 28.Rxc8+ Nxc8
29.Rc1 Ra8 30.Nf6+ Kg7 31.Ne8+ Kf8 32.Nc7 Ne7 33.Qf6 exd5 34.Rf1 {#r} 1-0

[Event "Pieniny Masters 2017"]
[Site "Lesnica SVK"]
[Date "2017.04.14"]
[Round "6.3"]
[White "Pacher,M"]
[Black "Gazik,Viktor"]
[Result "0-1"]
[WhiteElo "2459"]
[BlackElo "2422"]

1.e4 c5 2.Nf3 g6 3.d4 cxd4 4.Nxd4 Bg7 5.Nc3 Nc6 6.Be3 Nf6 7.Bc4 d6 8.f3 O-O
9.h4 Qb6 10.h5 Qxb2 11.Nde2 Nxe4 12.Nxe4 Qxa1 13.Qxa1 Bxa1 14.c3 Bf5 15.N4g3
Ne5 16.Bb3 Be6 17.hxg6 hxg6 18.Bd4 Bxb3 19.axb3 f6 20.Kd2 Bb2 21.Kc2 Ba3
22.Nf4 Rfc8 23.Ne4 Nc6 24.Kd3 Ne5+ 25.Kc2 Nc6 26.Kd3 Bc5 27.Bxc5 Ne5+ 28.Kc2
dxc5 29.Nd5 Nc6 30.Nxc5 b6 31.Ne6 Kf7 32.Ndc7 Rh8 33.Ra1 Rac8 34.b4 a5 35.bxa5
bxa5 36.Kb3 Rh2 37.Ra2 Rh5 38.f4 Nd8 39.g4 Nxe6 40.Nxe6 Rb5+ 41.Ka4 Rd5 {#R}
0-1

[Event "Pieniny Masters 2017"]
[Site "Lesnica SVK"]
[Date "2017.04.14"]
[Round "6.5"]
[White "Repka,C"]
[Black "Pechac,Jergus"]
[Result "0-1"]
[WhiteElo "2461"]
[BlackElo "2448"]

1.Nf3 Nf6 2.d4 d5 3.c4 e6 4.Nc3 c6 5.Bg5 dxc4 6.e4 b5 7.e5 h6 8.Bh4 g5 9.Bg3
Nd5 10.Nd2 Nd7 11.Be2 Qa5 12.O-O Nxc3 13.bxc3 Qxc3 14.Ne4 Qa3 15.Bh5 Be7
16.Kh1 Bb7 17.f4 O-O-O 18.fxg5 c5 19.Bf3 hxg5 20.Nd6+ Bxd6 21.exd6 Kb8 22.Qe1
Qb4 23.Qe3 cxd4 24.Qxd4 Qc5 25.Qg7 f5 26.Rae1 Bxf3 27.Rxf3 f4 28.Bf2 Qxd6
29.Qxg5 e5 30.Qf5 Rhe8 31.Qb1 Qc6 32.a4 a6 33.axb5 axb5 34.Ra3 Rg8 35.Rg1 e4
36.Bh4 Rde8 37.Qa1 e3 38.Ra6 Qd5 39.Ra5 e2 40.h3 Re3 41.Kh2 e1=N 42.Bxe1 Re2
43.Qd4 Rgxg2+ 44.Kh1 Rh2# 0-1

[Event "Pieniny Ladies 2017"]
[Site "Lesnica SVK"]
[Date "2017.04.14"]
[Round "6.3"]
[White "Milcova,Z"]
[Black "Froewis,A"]
[Result "0-1"]
[WhiteElo "2041"]
[BlackElo "2087"]

1.d4 d5 2.Nf3 Nf6 3.g3 e6 4.Bg2 Be7 5.O-O O-O 6.Nbd2 c6 7.c3 b6 8.Re1 Nbd7
9.e4 Bb7 10.Ne5 Rc8 11.a4 c5 12.Nxd7 Qxd7 13.e5 Ne8 14.Nf3 Ba6 15.Be3 Nc7
16.Bh3 Na8 17.Kh1 Rc6 18.Qd2 Nc7 19.b4 cxb4 20.cxb4 b5 21.a5 Rc8 22.Rec1 Rc4
23.Rab1 Bb7 24.Qe1 Na6 25.Bd2 Rxc1 26.Rxc1 Rxc1 27.Bxc1 Nxb4 28.Bf1 a6 29.Bd2
Nc6 30.Bd3 Qc7 31.Qf1 g6 32.Qh3 b4 33.Qg4 Qxa5 34.h4 Qa3 35.Ne1 Qa1 36.h5 Qxd4
37.f4 Nxe5 38.Qe2 Nxd3 39.Nxd3 Qe4+ {#R} 0-1

[Event "ch-KAZ 2017"]
[Site "Almaty KAZ"]
[Date "2017.04.14"]
[Round "4.2"]
[White "Akhmetov,Ay"]
[Black "Utegaliyev,A"]
[Result "0-1"]
[WhiteElo "2311"]
[BlackElo "2516"]

1.e4 e5 2.Nc3 Nf6 3.g3 d5 4.exd5 Nxd5 5.Bg2 Nf6 6.Nf3 Nc6 7.O-O Bc5 8.d3 h6
9.Re1 O-O 10.Be3 Bd6 11.h3 Re8 12.Nd2 Bb4 13.a3 Bf8 14.b4 a6 15.Kh2 Be6
16.Nde4 Nxe4 17.dxe4 a5 18.b5 Nd4 19.Qd3 c6 20.bxc6 bxc6 21.f4 Rb8 22.f5 Bb3
23.Bxd4 Qxd4 24.Qxd4 exd4 25.Ne2 Ba4 26.Nxd4 c5 27.Nb3 Bxb3 28.cxb3 Rxb3 29.e5
c4 30.e6 fxe6 31.Bc6 Rd8 32.fxe6 Rd2+ 33.Kh1 Be7 34.Rad1 c3 35.Be4 Rbb2
36.Rxd2 cxd2 37.Rd1 Bxa3 38.Kg2 Bb4 39.Kf3 a4 40.Ke2 a3 41.e7 Kf7 42.Rb1 Rxb1
43.Bxb1 Kxe7 {#R} 0-1

[Event "ch-KAZ 2017"]
[Site "Almaty KAZ"]
[Date "2017.04.14"]
[Round "4.3"]
[White "Saduakassova,D"]
[Black "Kazhgaleyev,M"]
[Result "1-0"]
[WhiteElo "2449"]
[BlackElo "2594"]

1.d4 Nf6 2.c4 b6 3.Nc3 Bb7 4.Nf3 e6 5.a3 g6 6.g3 Bg7 7.Bg2 O-O 8.O-O Ne4 9.Qc2
Nxc3 10.Qxc3 c5 11.Qd3 d5 12.Bg5 dxc4 13.Qxc4 Qd5 14.Qxd5 Bxd5 15.Rfd1 Nd7
16.Be3 Rac8 17.dxc5 bxc5 18.Rab1 Nb6 19.b3 Be4 20.Rbc1 c4 21.Bxb6 cxb3 22.Rxc8
Rxc8 23.Ba5 Bc2 24.Rf1 Bf8 25.Nd2 Bxa3 26.Be4 f5 27.Bd3 e5 28.Bc4+ Kg7 29.Bxb3
e4 30.Bxc2 Rxc2 31.Rb1 Bc5 32.e3 Kf7 33.Rb7+ Ke6 34.Nb3 Kd5 {#r} 1-0

[Event "ch-KAZ 2017"]
[Site "Almaty KAZ"]
[Date "2017.04.14"]
[Round "4.4"]
[White "Jumabayev,R"]
[Black "Saiyn,Z"]
[Result "1-0"]
[WhiteElo "2614"]
[BlackElo "2395"]

1.e4 c6 2.Nf3 d5 3.Nc3 Nf6 4.e5 Ne4 5.Ne2 e6 6.d3 Nc5 7.Ng3 Ncd7 8.d4 c5 9.c3
Nc6 10.a3 c4 11.b3 b5 12.Be2 Na5 13.Nd2 cxb3 14.Nxb3 Nc4 15.O-O Bb7 16.f4 g6
17.f5 exf5 18.Nxf5 gxf5 19.e6 fxe6 20.Bh5+ Ke7 21.Bg5+ Nf6 22.Nc5 Rg8 23.Qe2
Bc8 24.Rxf5 Rxg5 25.Rxg5 Bh6 26.Rg3 Qd6 27.Rf1 Nd2 28.Rf2 Nde4 29.Nxe4 dxe4
30.Rxf6 Kxf6 31.Qxe4 Qd5 32.Rf3+ Ke7 33.Qxh7+ Kd6 34.Qxh6 Bb7 35.Qf4+ Kc6
36.Re3 Qxh5 37.Rxe6+ Kd7 38.Qd6+ Kc8 39.Rf6 Bd5 40.Qf8+ {#r} 1-0

[Event "GRENKE Chess Open 2017"]
[Site "Karlsruhe GER"]
[Date "2017.04.15"]
[Round "4.2"]
[White "Matlakov,M"]
[Black "Stocek,J"]
[Result "1-0"]
[WhiteElo "2707"]
[BlackElo "2560"]

1.c4 e5 2.Nc3 d6 3.Nf3 f5 4.g3 Nf6 5.Bg2 Be7 6.d4 e4 7.Ng5 c6 8.d5 O-O 9.O-O
Na6 10.f3 h6 11.Nh3 Nd7 12.fxe4 Ne5 13.Nf4 Rb8 14.Kh1 Qe8 15.Be3 g5 16.Ne6
Bxe6 17.dxe6 f4 18.gxf4 Nxc4 19.Bc1 gxf4 20.Bxf4 Rxf4 21.Rxf4 Bg5 22.Rf5 Qxe6
23.Bh3 Qe7 24.e5 Nxe5 25.Ne4 Nf7 26.Qd4 Re8 27.Nf6+ Bxf6 28.Rxf6 {#r} 1-0

[Event "GRENKE Chess Open 2017"]
[Site "Karlsruhe GER"]
[Date "2017.04.15"]
[Round "4.3"]
[White "Rapport,R"]
[Black "Ruck,R1"]
[Result "1-0"]
[WhiteElo "2696"]
[BlackElo "2557"]

1.e4 c6 2.d4 d5 3.e5 Bf5 4.Nf3 e6 5.Be2 Nd7 6.O-O h5 7.c3 Nh6 8.Na3 Bxa3
9.bxa3 Bg4 10.Rb1 b5 11.a4 a6 12.h3 Bxf3 13.Bxf3 g6 14.Bxh5 Nb6 15.axb5 axb5
16.Bf3 Rxa2 17.g4 Qh4 18.Bg2 Nc4 19.Bf4 f5 20.exf6 Qxf6 21.Ra1 Rxa1 22.Qxa1
Nf7 23.Qa8+ Ke7 24.Qb7+ Kf8 25.Bg3 Kg7 26.Ra1 e5 27.Ra6 exd4 28.Rxc6 Qg5
29.Bxd5 Rf8 30.Rc7 Qf6 31.cxd4 {#r} 1-0

[Event "GRENKE Chess Open 2017"]
[Site "Karlsruhe GER"]
[Date "2017.04.15"]
[Round "4.6"]
[White "Grandelius,N"]
[Black "Kollars,Dmitrij"]
[Result "1-0"]
[WhiteElo "2641"]
[BlackElo "2500"]

1.c4 Nf6 2.Nc3 g6 3.e4 d6 4.d4 Bg7 5.h3 O-O 6.Be3 c5 7.Nf3 cxd4 8.Nxd4 Nc6
9.Be2 Bd7 10.O-O Nxd4 11.Bxd4 Bc6 12.Qc2 a5 13.Rad1 Nd7 14.Bxg7 Kxg7 15.Bg4
Ra6 16.Rfe1 Qb8 17.Bxd7 Bxd7 18.a4 Rc6 19.b3 Rc5 20.Nd5 e5 21.Qd2 Be6 22.Nc3
Rd8 23.Re3 b6 24.Rd3 Rc7 25.Rxd6 Rcd7 26.Rxd7 Rxd7 27.Qc2 Rxd1+ 28.Qxd1 f5
29.exf5 gxf5 30.Qd2 h6 31.Nb5 Kg6 32.Qd3 Kf6 33.Qg3 Kf7 34.Qh4 Qf8 35.Nc7 Qc8
36.Qxh6 {#r} 1-0

[Event "GRENKE Chess Open 2017"]
[Site "Karlsruhe GER"]
[Date "2017.04.15"]
[Round "4.13"]
[White "Annaberdiev,M"]
[Black "Bogner,S"]
[Result "1-0"]
[WhiteElo "2459"]
[BlackElo "2592"]

1.e4 c5 2.Nf3 e6 3.d4 cxd4 4.Nxd4 Nc6 5.Nc3 Qc7 6.Be3 a6 7.Qd2 Nf6 8.O-O-O Be7
9.f3 b5 10.Nxc6 dxc6 11.g4 e5 12.Qf2 Be6 13.h4 Rb8 14.Bh3 Qa5 15.g5 Nh5
16.Bxe6 fxe6 17.Kb1 b4 18.Ne2 Qc7 19.Qg2 g6 20.Qg4 Ng7 21.Ng3 Rf8 22.h5 b3
23.cxb3 Rb4 24.hxg6 hxg6 25.Rh7 Kf7 26.Nh5 {#r} 1-0

[Event "GRENKE Chess Open 2017"]
[Site "Karlsruhe GER"]
[Date "2017.04.15"]
[Round "4.15"]
[White "Papp,Ga"]
[Black "Parvanyan,Ashot"]
[Result "1-0"]
[WhiteElo "2581"]
[BlackElo "2374"]

1.e4 e6 2.d4 d5 3.Nd2 Nf6 4.e5 Nfd7 5.Bd3 c5 6.c3 Nc6 7.Ne2 cxd4 8.cxd4 f6
9.exf6 Nxf6 10.O-O Bd6 11.Nf3 Qc7 12.Nc3 a6 13.Bd2 O-O 14.Rc1 Bd7 15.Re1 Ng4
16.g3 h5 17.Bb1 Qb6 18.Na4 Qa7 19.Nc5 Bxc5 20.dxc5 e5 21.Bf4 Rae8 22.Nxe5
Ncxe5 23.Bxe5 Nxe5 24.Qxd5+ Nf7 25.Qxd7 Rxe1+ 26.Rxe1 Qxc5 27.Qe6 Qb4 28.Bg6
Qxb2 29.Rb1 Qf6 30.Qxf6 gxf6 31.Rxb7 Ne5 32.Bxh5 {#r} 1-0

[Event "GRENKE Chess Open 2017"]
[Site "Karlsruhe GER"]
[Date "2017.04.15"]
[Round "4.17"]
[White "Nguyen,Thai Dai Van"]
[Black "Moussard,J"]
[Result "1-0"]
[WhiteElo "2441"]
[BlackElo "2573"]

1.e4 Nf6 2.e5 Nd5 3.d4 d6 4.c4 Nb6 5.exd6 cxd6 6.Nc3 g6 7.Be3 Bg7 8.Rc1 O-O
9.b3 e5 10.dxe5 dxe5 11.Qxd8 Rxd8 12.c5 N6d7 13.Bc4 Nc6 14.Nf3 h6 15.Nb5 e4
16.Nd2 Nde5 17.Nxe4 Nb4 18.O-O Nxa2 19.Rcd1 Bg4 20.f3 Nxc4 21.bxc4 Bd7 22.Nc7
Rab8 23.Nd5 Bc6 24.Bf4 Ra8 25.Bc7 Rf8 26.Rf2 f5 27.Rxa2 fxe4 28.fxe4 Rae8
29.Re2 Ba4 30.Rd3 Be5 31.Bd6 Rf7 32.h3 a6 33.Ra3 Bc6 34.Rf3 Bd4+ 35.Kf1 a5
36.e5 Rxf3+ 37.gxf3 Kg7 38.e6 a4 39.e7 a3 40.Nc7 Rc8 41.Ne6+ {#r} 1-0

[Event "GRENKE Chess Open 2017"]
[Site "Karlsruhe GER"]
[Date "2017.04.15"]
[Round "4.18"]
[White "Svane,R"]
[Black "Woellermann,J"]
[Result "1-0"]
[WhiteElo "2573"]
[BlackElo "2339"]

1.d4 d5 2.c4 e6 3.Nc3 Bb4 4.cxd5 exd5 5.Bf4 Nf6 6.e3 c6 7.Bd3 Bg4 8.Qb3 Qb6
9.Ne2 Nbd7 10.O-O Be7 11.Qc2 O-O 12.Bg3 Rfe8 13.Rae1 Nf8 14.a3 Nh5 15.Be5 f6
16.Bg3 Nxg3 17.Nxg3 Rad8 18.Bf5 Bxf5 19.Nxf5 g6 20.Nxe7+ Rxe7 21.b4 a6 22.Na4
Qc7 23.Nc5 Ne6 24.Nxe6 Rxe6 25.a4 Qd6 26.b5 cxb5 27.axb5 a5 28.Rc1 Qd7 29.Qb3
Ra8 30.Rc5 Rd6 31.Rfc1 a4 32.Qb4 a3 33.Ra1 b6 34.Rc3 a2 35.Rc2 Ra5 36.Rcxa2
Qxb5 37.Qxb5 Rxb5 38.Ra7 Rc6 39.g4 Rb2 40.Rd7 Rbc2 41.Raa7 {#r} 1-0

[Event "GRENKE Chess Open 2017"]
[Site "Karlsruhe GER"]
[Date "2017.04.15"]
[Round "4.20"]
[White "Kopylov,M"]
[Black "Fedoseev,Vl3"]
[Result "0-1"]
[WhiteElo "2431"]
[BlackElo "2684"]

1.d4 Nf6 2.c4 e6 3.Nf3 d5 4.g3 Bb4+ 5.Bd2 Bd6 6.Bg2 O-O 7.Qc2 c6 8.O-O Nbd7
9.Rd1 a5 10.Be1 b5 11.c5 Bc7 12.Nbd2 Ba6 13.e4 b4 14.a3 b3 15.Qxb3 dxe4 16.Ng5
Rb8 17.Qc2 Bd3 18.Qa4 Rxb2 19.Qxc6 Nb8 20.Qa8 e3 21.Nde4 Bc4 22.Rab1 Bd5
23.Qa7 exf2+ 24.Bxf2 Rxb1 25.Rxb1 Ng4 26.Rd1 Qc8 27.Rb1 Nc6 28.Qb7 Qd8 29.Nd6
Qxg5 30.Qxc7 Bxg2 31.Kxg2 Qd5+ 32.Kg1 Nxf2 33.Kxf2 Qa2+ 34.Ke3 Qxa3+ 35.Kf4
Nxd4 36.Rb8 Qf3+ 37.Ke5 Nc6+ {#R} 0-1

[Event "GRENKE Chess Open 2017"]
[Site "Karlsruhe GER"]
[Date "2017.04.15"]
[Round "4.26"]
[White "Farago,I"]
[Black "Landa,K"]
[Result "0-1"]
[WhiteElo "2405"]
[BlackElo "2611"]

1.d4 d5 2.c4 dxc4 3.e3 e5 4.Bxc4 exd4 5.exd4 Bd6 6.Nf3 Nf6 7.Qe2+ Qe7 8.Qxe7+
Bxe7 9.O-O O-O 10.Re1 Bd6 11.Bg5 Nbd7 12.Nc3 a6 13.Bb3 b5 14.Ne5 Nb6 15.Nc6
Bd7 16.Ne7+ Kh8 17.Bxf6 gxf6 18.Ned5 Nxd5 19.Bxd5 Rad8 20.Ne4 Bb4 21.Re3 Bf5
22.Bc6 Rxd4 23.a3 Ba5 24.h3 Bb6 25.Re2 Kg7 26.Rae1 Bg6 27.Ng3 f5 28.Nf1 Rfd8
29.Nh2 R4d6 30.Bb7 Rb8 31.Bf3 c5 32.Nf1 f4 33.Nd2 Rbd8 34.Ne4 R6d7 35.Nc3 c4
36.Be4 Ba5 37.Bxg6 hxg6 38.Rc1 Rd2 39.Rc2 Bxc3 40.bxc3 Rxc2 41.Rxc2 Rd1+ {#R}
0-1

[Event "GRENKE Chess Open 2017"]
[Site "Karlsruhe GER"]
[Date "2017.04.15"]
[Round "4.28"]
[White "Fridman,D"]
[Black "Zeller,F"]
[Result "1-0"]
[WhiteElo "2597"]
[BlackElo "2390"]

1.Nf3 c5 2.c4 Nf6 3.Nc3 e6 4.g3 b6 5.Bg2 Bb7 6.O-O d6 7.Re1 Be7 8.e4 Nbd7 9.d4
cxd4 10.Nxd4 Qc7 11.Be3 Rc8 12.Rc1 Qb8 13.b3 a6 14.f4 h5 15.h3 O-O 16.Qe2 Rfe8
17.Bf2 Qa8 18.Nf3 b5 19.cxb5 axb5 20.Nxb5 Rxc1 21.Rxc1 Nxe4 22.Nc7 Qa3 23.Rc2
Rb8 24.Ng5 Nxg5 25.fxg5 Bxg2 26.g6 Rf8 27.Kxg2 Ne5 28.gxf7+ Rxf7 29.Qb5 Bf8
30.Qa4 Qxa4 31.bxa4 d5 32.Nxe6 Nd3 33.Rd2 Nxf2 34.Rxf2 Bb4 35.Rxf7 Kxf7 36.Nf4
h4 37.g4 Ba5 38.Kf3 Kf6 39.Nxd5+ Ke5 40.Ne7 Ke6 41.Nf5 Kd5 {#r} 1-0

[Event "GRENKE Chess Open 2017"]
[Site "Karlsruhe GER"]
[Date "2017.04.15"]
[Round "4.32"]
[White "Schmidek,Emil"]
[Black "Markowski,T"]
[Result "1-0"]
[WhiteElo "2391"]
[BlackElo "2574"]

1.e4 c5 2.Nf3 e6 3.d4 cxd4 4.Nxd4 a6 5.Nc3 Qc7 6.Bd3 Nf6 7.Qe2 d6 8.O-O Be7
9.Bd2 Nbd7 10.Kh1 b6 11.f4 Bb7 12.Rae1 Nc5 13.Qf2 O-O 14.Qg3 Rfd8 15.Nb3 d5
16.Nxc5 bxc5 17.e5 Nh5 18.Qg4 g6 19.f5 exf5 20.Bxf5 Ng7 21.Qg3 Nxf5 22.Rxf5
Bf8 23.Bg5 Rd7 24.Bf6 Re8 25.Rh5 h6 26.Qg5 Qc6 27.Ne4 dxe4 28.Rxh6 Qxf6
29.exf6 Re6 30.Rh3 Rd5 31.Qf4 Rf5 32.Qb8 Rexf6 33.g4 {#r} 1-0

[Event "GRENKE Chess Open 2017"]
[Site "Karlsruhe GER"]
[Date "2017.04.15"]
[Round "4.33"]
[White "Skembris,S"]
[Black "Kunin,V"]
[Result "0-1"]
[WhiteElo "2389"]
[BlackElo "2567"]

1.c4 Nf6 2.g3 e6 3.Bg2 d5 4.Nf3 d4 5.O-O c5 6.d3 Nc6 7.e3 Be7 8.exd4 cxd4
9.Re1 O-O 10.a3 a5 11.b3 Nd7 12.Nbd2 e5 13.Rb1 Re8 14.Re2 Bf8 15.Ne1 Nc5
16.Ne4 Ne6 17.Nd2 Qc7 18.Nc2 Nc5 19.Ne4 Bg4 20.f3 Nxe4 21.Rxe4 Bh5 22.b4 f5
23.Re1 e4 24.Bf4 Qd7 25.g4 exd3 26.Qxd3 fxg4 27.b5 Bg6 28.bxc6 Qxc6 29.Qd1
Qxc4 30.Rxe8 Rxe8 31.Ne1 d3 32.Bd2 Qd4+ 33.Kh1 Bc5 34.Nxd3 Qxd3 35.Rxb7 gxf3
36.Bf1 Qd4 37.Bb5 Be4 {#R} 0-1

[Event "GRENKE Chess Open 2017"]
[Site "Karlsruhe GER"]
[Date "2017.04.15"]
[Round "4.34"]
[White "Garriga Cazorla,Pere"]
[Black "Martinovic,Sa"]
[Result "0-1"]
[WhiteElo "2385"]
[BlackElo "2551"]

1.d4 Nf6 2.c4 g6 3.f3 c5 4.d5 Bg7 5.e4 d6 6.Nc3 e6 7.Nge2 exd5 8.cxd5 O-O
9.Be3 Nbd7 10.Ng3 a6 11.a4 h5 12.Be2 h4 13.Nf1 Ne8 14.Nd2 f5 15.exf5 Qe7
16.Bf2 Ne5 17.O-O Bxf5 18.Nde4 h3 19.Bg3 Nf6 20.Ng5 hxg2 21.Kxg2 Nh5 22.f4
Nxg3 23.hxg3 Nf7 24.Ne6 Bxe6 25.dxe6 Qxe6 26.Bf3 Bxc3 27.bxc3 Kg7 28.Rb1 Rab8
29.Bxb7 Rh8 30.Bf3 Qa2+ 31.Qe2 Qxa4 32.Bd5 Rhe8 33.Qd2 Nh6 34.Rfe1 Rxb1
35.Rxb1 Nf5 36.Kf2 Re7 37.Rb8 Qa1 38.Kg2 Ne3+ 39.Kh3 Qf1+ 40.Kh4 Nf5+ 41.Kg5
Qh3 42.Rg8+ Kh7 43.Qd3 Re3 {#R} 0-1

[Event "GRENKE Chess Open 2017"]
[Site "Karlsruhe GER"]
[Date "2017.04.15"]
[Round "4.38"]
[White "Lubbe,N"]
[Black "Zujev,O"]
[Result "1-0"]
[WhiteElo "2500"]
[BlackElo "2366"]

1.c4 Nf6 2.Nc3 d6 3.d4 Nbd7 4.Nf3 e5 5.Bg5 Be7 6.e3 c6 7.Qc2 O-O 8.O-O-O exd4
9.Nxd4 Nc5 10.Be2 Qa5 11.Bh4 Rd8 12.e4 Re8 13.Kb1 Nfxe4 14.Nxe4 Bxh4 15.Nxd6
Rd8 16.Nxf7 Rf8 17.g3 Bf6 18.Nd6 Rd8 19.Nb3 Nxb3 20.axb3 Rxd6 21.Rxd6 Bf5
22.Bd3 Qe5 23.c5 Bxd3 24.Rxd3 Rd8 25.Rxd8+ Bxd8 26.f4 Qe3 27.Rd1 Bf6 28.Ka2 b6
29.Qc4+ Kf8 30.Rd7 {#r} 1-0

[Event "GRENKE Chess Open 2017"]
[Site "Karlsruhe GER"]
[Date "2017.04.15"]
[Round "4.40"]
[White "Loos,Ro"]
[Black "Kantor,G"]
[Result "0-1"]
[WhiteElo "2354"]
[BlackElo "2470"]

1.d4 Nf6 2.c4 e6 3.Nf3 d5 4.Nc3 c6 5.e3 Nbd7 6.Qc2 Bd6 7.g4 h6 8.Bd2 dxc4
9.Bxc4 b5 10.Bd3 Bb7 11.Rg1 Qe7 12.e4 c5 13.Nxb5 cxd4 14.Nc7+ Bxc7 15.Qxc7 Rb8
16.Nxd4 Bxe4 17.Bxe4 Nxe4 18.Nc6 Qf6 19.Be3 Qxb2 20.Rd1 O-O 21.Qxd7 Qc3+
22.Kf1 Qc4+ 23.Kg2 Nf6 24.Ne7+ Kh8 25.Qd4 Qc7 26.g5 hxg5 27.Bxg5 Nh7 28.Qh4
Rb5 29.Bf4 Qb7+ 30.Kh3 Qf3+ 31.Rg3 Qxd1 {#R} 0-1

[Event "GRENKE Chess Open 2017"]
[Site "Karlsruhe GER"]
[Date "2017.04.15"]
[Round "4.41"]
[White "Zumsande,M"]
[Black "Jahncke,G"]
[Result "1-0"]
[WhiteElo "2467"]
[BlackElo "2350"]

1.e4 e5 2.Nf3 Nc6 3.Bc4 Nf6 4.d3 Be7 5.O-O O-O 6.Re1 d6 7.a4 Na5 8.Ba2 c5
9.Nc3 Nc6 10.h3 h6 11.Nd2 Nh7 12.Nd5 Bg5 13.Nc4 Kh8 14.f4 Bh4 15.Rf1 Be6
16.Qh5 Bg3 17.Rf3 Bh4 18.c3 Bf6 19.Nxf6 Nxf6 20.Qh4 Ne7 21.f5 Bxc4 22.Bxh6 Nh7
23.Bxg7+ {#r} 1-0